| 000 | 00737cab a2200229 4500 | ||
|---|---|---|---|
| 001 | ABS37541 | ||
| 008 | 090401t1987 xxu||||| |||| 00| 0 eng d | ||
| 035 | _a(Sirsi) u5149 | ||
| 041 | _aeng | ||
| 100 | _aWild, N. | ||
| 245 | _aValuers determine farmers` destiny | ||
| 260 | _c1987 | ||
| 350 | _a0 | ||
| 490 |
_aChartered Surveyor Weekly _v18(6) 12 February 1987, 51(1) |
||
| 520 | _aBriefly examines the ways in which agricultural surveyors can help farmers cope successfully with the current economic pressures facing the industry. | ||
| 650 | _aABOUT RICS-RICS MEMBERS | ||
| 650 | _aFARMING | ||
| 650 | _aLAND AGENTS | ||
| 690 | _aMANAGEMENT-BUSINESS MANAGEMENT-PROFESSIONAL PRACTICE | ||
| 942 | _n0 | ||
| 948 | _c04/03/1997 | ||
| 999 |
_c3083 _d3083 |
||